000 00729nam a2200181Ia 4500
008 100920s9999 xx 000 0 und d
082 _b86955
_a24 न 02
100 _aउपाध्याय विजय कुमार.
245 _aजीवन की उत्पित्त और विकास.
260 _bसूचना और प्रसारण मन्त्रालय, भारत सरकार.
_c2002
300 _a126
_bसाधी
365 _b40
520 _aसायो.
630 _aजीवन की उत्पित्त और विकास.
650 _aसायो.
730 _aजीवन की उत्पित्त और विकास.
942 _cBOOK
999 _c727465
_d727462